Music Quiz

Random Music or Billboard Quiz

Shortest Spans Between #1 Hits Quiz Stats

 Plays Quiz Updated Nov 21, 2016

Score 0/49 Timer 07:00
1 Play Today
Weeks Between Hits Artist % Correct
1Michael Jackson
96.7%
4Michael Jackson
96.7%
0The Beatles
95.2%
2The Beatles
95.2%
3The Beatles
95.2%
0Elvis Presley*
94.7%
2Elvis Presley*
94.7%
5Elvis Presley*
94.7%
6Elvis Presley*
94.7%
6Elvis Presley*
94.7%
2Bee Gees
89.8%
3Bee Gees
89.8%
2Justin Timberlake
81.2%
0The Black Eyed Peas
77.9%
4Beyoncé
76.4%
0Taylor Swift
75.7%
0OutKast
75.7%
350 Cent
66.1%
0TI
66%
0Nelly
64.4%
6Tears for Fears
59.8%
0Usher
58.7%
4Macklemore & Ryan Lewis
58.7%
1Mariah Carey
57.3%
6Mariah Carey
57.3%
Weeks Between Hits Artist % Correct
6Shaggy
53.5%
3The Supremes
53%
0Boyz II Men
52%
1Rihanna
49.7%
0The Weeknd
48.8%
0Justin Bieber
45.9%
4The 4 Seasons
45.7%
2Donna Summer
45.3%
6Puff Daddy
35%
4Monica
30.1%
6Richard Marx
30%
0Glenn Miller*
21.6%
0Bing Crosby*
18.9%
3Bing Crosby*
18.9%
5Bing Crosby*
18.9%
**The Andrews Sisters*
12.7%
0Jimmy Dorsey*
7.2%
0Jimmy Dorsey*
7.2%
0Les Brown*
6.9%
0Rosemary Clooney*
6.9%
0Tony Bennett*
5.5%
0Frankie Laine*
4.5%
1Harry James*
4.3%
0The Song Spinners*
0.9%

You're not logged in!

Compare scores with friends on all Sporcle quizzes.
OR
Log In

Sporcle TV

Today on Sporcle TV


Watch our educational content, quiz creation guides, and fun videos on Sporcle TV.

Show Comments

Extras

Top Quizzes Today


Score Distribution

Your Account Isn't Verified!

In order to create a playlist on Sporcle, you need to verify the email address you used during registration. Go to your Sporcle Settings to finish the process.

Report this User

Report this user for behavior that violates our Community Guidelines.

Details: